La Competencia de la Corte constitucional del Ecuador en el Control constitucional de los Estados de Excepcion decretados en la Constitucion del 2008 (Record no. 5405)
[ view plain ]
| 000 -CABECERA | |
|---|---|
| campo de control de longitud fija | 00853nam a22001577a 4500 |
| 080 ## - NUMERO DE CLASIFICACION DECIMAL UNIVERSAL (CDU) | |
| Número de la Clasificación Decimal Universal | 342.76 (866) T 636 |
| 100 ## - ASIENTO PRINCIPAL--NOMBRE PERSONAL | |
| Código del relacionador | Autor |
| Nombre personal | Torres Barrera, Luis German |
| 245 ## - MENCION DE TITULO | |
| Título propiamente dicho | La Competencia de la Corte constitucional del Ecuador en el Control constitucional de los Estados de Excepcion decretados en la Constitucion del 2008 |
| 300 ## - DESCRIPCION FISICA | |
| Extensión | 187 P. |
| 500 ## - NOTA GENERAL | |
| Nota general | Director de tesis: Barriffi, Francisco J. |
| 502 ## - NOTA DE TESIS | |
| Nota de tesis | Tesis ( Doctorado)--Universidad Nacional de Mar del Plata. Facultad de Derecho. Departamento de Posgrado. Mar del Plata. 2024. |
| 504 ## - NOTA DE BIBLIOGRAFIA, ETC. | |
| Nota de bibliografía, etc. | Tiene Bibliografia: P. 95 a 99. y Anexos P. 100 a 187. |
| 650 ## - ASIENTO SECUNDARIO DE MATERIA - TERMINO TEMATICO | |
| Fuente del encabezamiento o término | Tesauro de Biblioteconomía y Documentación |
| Término temático o nombre geográfico como elemento de entrada | estado de excepcion |
| -- | ley marcial |
| -- | suspension de garantias constitucionales |
| -- | Ecuador |
| -- | corte constitucional |
| -- | competencia |
| -- | control constitucional |
| -- | jurisprudencia |
| -- | tablas |
| -- | figuras |
| 945 ## - INFORMACION DE PROCESAMIENTO LOCAL | |
| Responsable de carga/modificación | Celeste Delía |
| Fecha de ingreso o modificación | 2024-06-24 |
| Retirado | Perdido | Dañado | No se presta | Ubicación permanente | Locación actual | Estante o sala | Fecha de adquisición | Signatura topográfica | Inventario | Ultima fecha vista | Tipo de item de Koha |
|---|---|---|---|---|---|---|---|---|---|---|---|
| Bib. Derecho | Bib. Derecho | Biblioteca Graduados | 24/06/2024 | 342.76 (866) T 636 | 302029 | 24/06/2024 | Tesis de posgrado |
